000 00674nam a2200229Ia 4500
003 OSt
005 20220923230548.0
006 a|||||r|||| 00| 0
007 ta
008 Pun
024 _a283,253
037 _cTextual
040 _aARTS
_cARTS
_bPun
041 _2Pun
_aPun
082 _aO153,6M95:g, M2
100 _aਲਾਂਬਾ, ਦਲਜੀਤ ਕੌਰ
245 0 _aਗੁਰਬਖF ਸਿੰਘ ਪ੍ਰੀਤ ਲੜੀ
_b ਵਿਚਾਰ ਤੇ ਕਲਾ
260 _c1982
650 _aਪੰਜਾਬੀ ਸਾਹਿਤ
942 _hO153,6M95:g, M2
_cTEXL
_2CC
999 _c385741
_d385741